| 000 | 00514nam a2200181 a 4500 | ||
|---|---|---|---|
| 005 | 20140310183330.0 | ||
| 008 | 060822s19uu xx 00 eng d | ||
| 020 | _a0875849083 | ||
| 050 |
_aHD 30.28 _b.H379 1999 |
||
| 245 | _aHarvard Business Review on managing uncertainty / | ||
| 260 |
_aBoston, MA : _bHarvard Business School Press, _c1999. |
||
| 300 |
_a218 p. : _bill. ; _c22 cm. |
||
| 521 | _aBSBA | ||
| 650 | _aStrategic planning. | ||
| 650 | _aUncertainty. | ||
| 942 |
_cBK _2lcc _kFOR |
||
| 999 |
_c21547 _d21547 |
||